Mallowan's memoirs /

محفوظ في:

المؤلف الرئيسي: Mallowan, M. E. L. (مؤلف)

التنسيق: كتاب

اللغة: English

منشور في: London : HarperCollins, 2001.

الموضوعات:

الوسوم: إضافة وسم

لا توجد وسوم, كن أول من يضع وسما على هذه التسجيلة!

رقم الطلب: CC115 .M27 A35 2001

LEADER 00930namaa2200277 4500
001 19176
003 OSt
005 20251030125644.0
008 130303s2001 enkac 001 0aeng d
020 |a 9780007117048 
040 |c ARCE Library 
043 |a e-uk-en 
050 4 |a CC115 .M27 A35 2001 
100 1 |a Mallowan, M. E. L.  |q (Max Edgar Lucien),  |e author  |9 35267 
245 1 0 |a Mallowan's memoirs /  |c Max Mallowan. 
264 1 |a London :   |b HarperCollins,   |c 2001. 
300 |a 320 pages :   |b illustrations, portraits ;   |c 20 cm. 
500 |a Includes index. 
600 1 0 |a Mallowan, M. E. L.,   |q (Max Edgar Lucien),   |d 1904-  |9 35267 
600 1 0 |a Christie, Agatha,   |d 1890-1976,   |x Marriage. 
650 0 |a Archaeologists  |z Great Britain  |v Biography. 
650 0 |a Authors, Englandlish  |y 20th century  |v Biography. 
650 0 |a Archaeologists' spouses  |z Great Britain  |v Biography. 
901 |a reviewed 
942 |c BK  |2 lcc 
999 |c 16949  |d 16949